000 00536nam a22001577a 4500
008 151217b xxu||||| |||| 00| 0 eng d
050 _aBX168.2 N5 U49
100 _aUmeh, Jude Onwenu
_921372
245 _aPentecostalism and mission:
_ba missiological study of Nigerian Pentecostalism
_c/ Jude Onwenu Umeh
260 _aRome
_bPontifical Urban University
_c2008
300 _axi, 317p.
_c24cm.
500 _aThesis
650 _aCatholic church in Nigeria
_921278
650 _aPentecostalism
_xNigeria
_921373
942 _2lcc
_cMONOGRAPH
999 _c123896
_d123896